00844nam a2200205 a 4500008004100000020001500041050001400056100002200070245009300092260003900185300001900224350000900243650005000252650001500302650002300317650004300340995010800383999001700491952013000508120124s2002 ||||||||||||||||| || u a8124602042 aB 131 Soc aVictor, P. George10aSocial relevance of philosophy: essays on applied philosophycedited by P. George Victor aNew Delhi:bD. K. Printworldc2002 ax, 195p.: ill. a0.00 aPHILOSOPHY, INDIC--SOCIAL ASPECTS--CONGRESSES aPHILOSOPHY aAPPLIED PHILOSOPHY aPHILOSOPHY--SOCIAL ASPECTS--CONGRESSES D0.00FCBU-MAIN LIBRARY (Kitwe)H1I0.00M1UAVAILABLEWMar 1, 2012ZMain Library Open Access Collection c57732d57732 00102lcc4070a001b001cMain Library Open Access Collectiond2022-11-30l0oB 131 Socp742591r2022-11-30w2022-11-30y002